[Event "Deutsche Ländermeisterschaft 2025"]
[Site "Oer-Erkenschwick GER"]
[Date "2025.10.01"]
[Round "2"]
[White "Besou, Hussain"]
[Black "Haack, Kevin"]
[Result "1-0"]
[Termination "normal"]
[Board "1.1"]
[WhiteTitle "FM"]
[BlackTitle "FM"]
[WhiteElo "2376"]
[BlackElo "2380"]
[WhiteClock "00:08:39"]
[BlackClock "00:03:39"]
[WhiteTeam "Nordrhein-Westfalen 1"]
[BlackTeam "Hessen"]
[PlyCount "79"]
[WhiteFideId "16269950"]
[BlackFideId "16228715"]
[EventCountry "GER"]
[EventRounds "7"]
[EventType "team-swiss"]
[EventDate "2025.09.30"]

1. d4 {[%clk 01:30:55]} {[%emt 00:00:05]} Nf6 {[%clk 01:30:28]} {[%emt
00:00:32]} 2. c4 {[%clk 01:31:19]} {[%emt 00:00:06]} e6 {[%clk 01:30:55]}
{[%emt 00:00:04]} 3. Nf3 {[%clk 01:31:44]} {[%emt 00:00:05]} b6 {[%clk
01:31:18]} {[%emt 00:00:07]} 4. g3 {[%clk 01:32:05]} {[%emt 00:00:09]} Bb4+
{[%clk 01:31:30]} {[%emt 00:00:18]} 5. Bd2 {[%clk 01:32:11]} {[%emt 00:00:24]}
c5 {[%clk 01:31:51]} {[%emt 00:00:09]} 6. Bxb4 {[%clk 01:29:51]} {[%emt
00:02:50]} cxb4 {[%clk 01:32:19]} {[%emt 00:00:02]} 7. Bg2 {[%clk 01:29:54]}
{[%emt 00:00:27]} Bb7 {[%clk 01:32:44]} {[%emt 00:00:05]} 8. O-O {[%clk
01:28:38]} {[%emt 00:01:45]} O-O {[%clk 01:33:09]} {[%emt 00:00:04]} 9. a3
{[%clk 01:28:26]} {[%emt 00:00:43]} bxa3 {[%clk 01:33:32]} {[%emt 00:00:08]}
10. Rxa3 {[%clk 01:28:23]} {[%emt 00:00:32]} a5 {[%clk 01:33:52]} {[%emt
00:00:10]} 11. Nc3 {[%clk 01:25:50]} {[%emt 00:03:02]} d6 {[%clk 01:29:19]}
{[%emt 00:05:05]} 12. Re1 {[%clk 01:20:26]} {[%emt 00:05:54]} Na6 {[%clk
01:23:41]} {[%emt 00:06:06]} 13. e4 {[%clk 01:18:24]} {[%emt 00:02:33]} Qe7
{[%clk 01:20:19]} {[%emt 00:03:53]} 14. Ra1 {[%clk 01:12:24]} {[%emt 00:06:29]}
Rac8 {[%clk 01:11:30]} {[%emt 00:09:20]} 15. b3 {[%clk 01:09:44]} {[%emt
00:03:10]} Nb4 {[%clk 01:08:56]} {[%emt 00:03:04]} 16. Qd2 {[%clk 01:05:37]}
{[%emt 00:04:36]} Nd7 {[%clk 01:03:06]} {[%emt 00:06:20]} 17. Rad1 {[%clk
01:00:26]} {[%emt 00:05:41]} Rcd8 {[%clk 00:56:47]} {[%emt 00:06:50]} 18. h4
{[%clk 00:56:11]} {[%emt 00:04:44]} e5 {[%clk 00:51:06]} {[%emt 00:06:12]} 19.
Nd5 {[%clk 00:50:58]} {[%emt 00:05:42]} Bxd5 {[%clk 00:50:52]} {[%emt
00:00:45]} 20. exd5 {[%clk 00:51:04]} {[%emt 00:00:22]} Qf6 {[%clk 00:48:18]}
{[%emt 00:03:05]} 21. Re3 {[%clk 00:43:55]} {[%emt 00:07:39]} exd4 {[%clk
00:40:40]} {[%emt 00:08:09]} 22. Nxd4 {[%clk 00:44:06]} {[%emt 00:00:19]} g6
{[%clk 00:39:49]} {[%emt 00:01:20]} 23. Nc6 {[%clk 00:41:03]} {[%emt 00:03:32]}
Rde8 {[%clk 00:31:51]} {[%emt 00:08:29]} 24. Rf3 {[%clk 00:39:24]} {[%emt
00:02:09]} Qg7 {[%clk 00:32:11]} {[%emt 00:00:10]} 25. Nxb4 {[%clk 00:38:30]}
{[%emt 00:01:23]} axb4 {[%clk 00:32:38]} {[%emt 00:00:03]} 26. Qxb4 {[%clk
00:38:54]} {[%emt 00:00:07]} Qb2 {[%clk 00:26:19]} {[%emt 00:06:48]} 27. Rf1
{[%clk 00:29:02]} {[%emt 00:10:22]} Re2 {[%clk 00:22:14]} {[%emt 00:04:35]} 28.
Qxd6 {[%clk 00:24:36]} {[%emt 00:04:56]} Ne5 {[%clk 00:22:36]} {[%emt
00:00:07]} 29. Rf4 {[%clk 00:23:20]} {[%emt 00:01:46]} Qxb3 {[%clk 00:19:41]}
{[%emt 00:03:26]} 30. Qc7 {[%clk 00:16:20]} {[%emt 00:07:29]} Nd3 {[%clk
00:19:06]} {[%emt 00:01:05]} 31. Rf3 {[%clk 00:16:27]} {[%emt 00:00:24]} Rd2
{[%clk 00:19:33]} {[%emt 00:00:03]} 32. Rf6 {[%clk 00:13:51]} {[%emt 00:03:05]}
Qc3 {[%clk 00:16:19]} {[%emt 00:03:44]} 33. Qxb6 {[%clk 00:11:05]} {[%emt
00:03:16]} Qxc4 {[%clk 00:16:37]} {[%emt 00:00:13]} 34. Qe3 {[%clk 00:10:37]}
{[%emt 00:00:57]} Qb4 {[%clk 00:13:48]} {[%emt 00:03:20]} 35. h5 {[%clk
00:09:46]} {[%emt 00:01:21]} Nc5 {[%clk 00:10:18]} {[%emt 00:03:59]} 36. Rf4
{[%clk 00:08:50]} {[%emt 00:01:26]} Qa5 {[%clk 00:10:37]} {[%emt 00:00:12]} 37.
hxg6 {[%clk 00:09:14]} {[%emt 00:00:06]} hxg6 {[%clk 00:10:35]} {[%emt
00:00:31]} 38. Rh4 {[%clk 00:09:36]} {[%emt 00:00:07]} f5 {[%clk 00:05:01]}
{[%emt 00:06:05]} 39. Qe5 {[%clk 00:08:39]} {[%emt 00:01:27]} Rf7 {[%clk
00:03:39]} {[%emt 00:01:52]} 40. Rh8# {[%emt 00:00:07]} 1-0

[Event "Deutsche Ländermeisterschaft 2025"]
[Site "Oer-Erkenschwick GER"]
[Date "2025.10.01"]
[Round "2"]
[White "Burkart, Lloyd Shang"]
[Black "Korchynskyi, Mykola"]
[Result "0-1"]
[Termination "normal"]
[Board "1.2"]
[BlackTitle "FM"]
[WhiteElo "2080"]
[BlackElo "2372"]
[WhiteClock "00:00:57"]
[BlackClock "00:31:49"]
[WhiteTeam "Hessen"]
[BlackTeam "Nordrhein-Westfalen 1"]
[PlyCount "82"]
[WhiteFideId "16239059"]
[BlackFideId "34138005"]
[EventCountry "GER"]
[EventRounds "7"]
[EventType "team-swiss"]
[EventDate "2025.09.30"]

1. d4 {[%clk 01:30:58]} {[%emt 00:00:01]} Nf6 {[%clk 01:30:36]} {[%emt
00:00:24]} 2. c4 {[%clk 01:31:23]} {[%emt 00:00:06]} e6 {[%clk 01:31:02]}
{[%emt 00:00:04]} 3. g3 {[%clk 01:31:47]} {[%emt 00:00:06]} d5 {[%clk
01:31:29]} {[%emt 00:00:04]} 4. Nf3 {[%clk 01:32:09]} {[%emt 00:00:08]} Be7
{[%clk 01:31:55]} {[%emt 00:00:04]} 5. Bg2 {[%clk 01:32:33]} {[%emt 00:00:06]}
O-O {[%clk 01:32:22]} {[%emt 00:00:03]} 6. O-O {[%clk 01:32:52]} {[%emt
00:00:10]} a5 {[%clk 01:32:50]} {[%emt 00:00:02]} 7. b3 {[%clk 01:32:26]}
{[%emt 00:00:57]} a4 {[%clk 01:27:34]} {[%emt 00:05:46]} 8. Ba3 {[%clk
01:32:36]} {[%emt 00:00:19]} c6 {[%clk 01:26:14]} {[%emt 00:01:51]} 9. Bxe7
{[%clk 01:16:07]} {[%emt 00:16:59]} Qxe7 {[%clk 01:26:35]} {[%emt 00:00:09]}
10. Nc3 {[%clk 01:15:40]} {[%emt 00:00:56]} a3 {[%clk 01:18:29]} {[%emt
00:08:37]} 11. Re1 {[%clk 01:09:35]} {[%emt 00:06:34]} b5 {[%clk 01:15:19]}
{[%emt 00:03:40]} 12. cxb5 {[%clk 00:58:03]} {[%emt 00:12:03]} cxb5 {[%clk
01:15:21]} {[%emt 00:00:28]} 13. Rc1 {[%clk 00:58:07]} {[%emt 00:00:26]} Bd7
{[%clk 01:05:42]} {[%emt 00:10:08]} 14. Ne5 {[%clk 00:53:18]} {[%emt 00:05:19]}
b4 {[%clk 01:02:03]} {[%emt 00:04:10]} 15. Nxd7 {[%clk 00:52:45]} {[%emt
00:01:02]} Nbxd7 {[%clk 01:02:26]} {[%emt 00:00:08]} 16. Na4 {[%clk 00:52:25]}
{[%emt 00:00:49]} Rfc8 {[%clk 00:57:11]} {[%emt 00:05:45]} 17. Qd2 {[%clk
00:38:40]} {[%emt 00:14:14]} Qf8 {[%clk 00:50:27]} {[%emt 00:07:15]} 18. Rxc8
{[%clk 00:34:31]} {[%emt 00:04:40]} Rxc8 {[%clk 00:50:42]} {[%emt 00:00:14]}
19. Rc1 {[%clk 00:34:48]} {[%emt 00:00:13]} h5 {[%clk 00:48:47]} {[%emt
00:02:26]} 20. h4 {[%clk 00:27:53]} {[%emt 00:07:24]} g6 {[%clk 00:45:20]}
{[%emt 00:03:58]} 21. Bf3 {[%clk 00:24:45]} {[%emt 00:03:37]} Rxc1+ {[%clk
00:43:48]} {[%emt 00:02:02]} 22. Qxc1 {[%clk 00:25:00]} {[%emt 00:00:15]} Qd6
{[%clk 00:43:13]} {[%emt 00:01:05]} 23. Qc8+ {[%clk 00:11:48]} {[%emt
00:13:42]} Kg7 {[%clk 00:43:09]} {[%emt 00:00:34]} 24. Nc5 {[%clk 00:10:24]}
{[%emt 00:01:53]} Nxc5 {[%clk 00:31:34]} {[%emt 00:12:06]} 25. dxc5 {[%clk
00:10:12]} {[%emt 00:00:43]} Qe5 {[%clk 00:32:00]} {[%emt 00:00:03]} 26. c6
{[%clk 00:09:29]} {[%emt 00:01:13]} Qa1+ {[%clk 00:30:10]} {[%emt 00:02:20]}
27. Kg2 {[%clk 00:09:23]} {[%emt 00:00:36]} Qxa2 {[%clk 00:30:37]} {[%emt
00:00:04]} 28. c7 {[%clk 00:06:21]} {[%emt 00:03:32]} Qc2 {[%clk 00:30:32]}
{[%emt 00:00:34]} 29. Qd8 {[%clk 00:01:36]} {[%emt 00:05:15]} a2 {[%clk
00:30:55]} {[%emt 00:00:07]} 30. c8=Q {[%clk 00:01:51]} {[%emt 00:00:14]} Qxc8
{[%clk 00:31:21]} {[%emt 00:00:04]} 31. Qxc8 {[%clk 00:02:14]} {[%emt
00:00:07]} a1=Q {[%clk 00:31:47]} {[%emt 00:00:04]} 32. Qc2 {[%clk 00:01:15]}
{[%emt 00:01:29]} Qc3 {[%clk 00:31:34]} {[%emt 00:00:44]} 33. Qb1 {[%clk
00:00:41]} {[%emt 00:01:04]} Nd7 {[%clk 00:31:31]} {[%emt 00:00:33]} 34. e3
{[%clk 00:00:38]} {[%emt 00:00:32]} Nc5 {[%clk 00:31:42]} {[%emt 00:00:19]} 35.
Bd1 {[%clk 00:00:50]} {[%emt 00:00:17]} e5 {[%clk 00:30:48]} {[%emt 00:01:26]}
36. Qc2 {[%clk 00:00:35]} {[%emt 00:00:44]} d4 {[%clk 00:30:55]} {[%emt
00:00:23]} 37. Kg1 {[%clk 00:00:31]} {[%emt 00:00:35]} d3 {[%clk 00:31:09]}
{[%emt 00:00:15]} 38. Qb1 {[%clk 00:00:51]} {[%emt 00:00:09]} Qe1+ {[%clk
00:30:44]} {[%emt 00:00:55]} 39. Kg2 {[%clk 00:01:14]} {[%emt 00:00:07]} Ne4
{[%clk 00:31:10]} {[%emt 00:00:04]} 40. Qb2 {[%clk 00:00:39]} {[%emt 00:01:05]}
Qxd1 {[%clk 00:31:21]} {[%emt 00:00:20]} 41. Qxe5+ {[%clk 00:00:57]} {[%emt
00:00:11]} Nf6 {[%clk 00:31:49]} {[%emt 00:00:02]} 0-1

[Event "Deutsche Ländermeisterschaft 2025"]
[Site "Oer-Erkenschwick GER"]
[Date "2025.10.01"]
[Round "2"]
[White "Gallasch, Jonas"]
[Black "Derr, Oleg"]
[Result "1-0"]
[Termination "normal"]
[Board "1.3"]
[WhiteTitle "FM"]
[WhiteElo "2304"]
[BlackElo "2146"]
[WhiteClock "00:24:00"]
[BlackClock "01:18:45"]
[WhiteTeam "Nordrhein-Westfalen 1"]
[BlackTeam "Hessen"]
[PlyCount "95"]
[WhiteFideId "16222474"]
[BlackFideId "34611517"]
[EventCountry "GER"]
[EventRounds "7"]
[EventType "team-swiss"]
[EventDate "2025.09.30"]

1. d4 {[%clk 01:30:49]} {[%emt 00:00:10]} Nf6 {[%clk 01:30:58]} {[%emt
00:00:03]} 2. c4 {[%clk 01:31:12]} {[%emt 00:00:06]} e6 {[%clk 01:31:23]}
{[%emt 00:00:06]} 3. Nf3 {[%clk 01:30:38]} {[%emt 00:01:04]} b6 {[%clk
01:31:48]} {[%emt 00:00:05]} 4. e3 {[%clk 01:29:20]} {[%emt 00:01:48]} Bb7
{[%clk 01:32:05]} {[%emt 00:00:13]} 5. Bd3 {[%clk 01:29:41]} {[%emt 00:00:09]}
c5 {[%clk 01:30:26]} {[%emt 00:02:09]} 6. O-O {[%clk 01:29:49]} {[%emt
00:00:22]} Be7 {[%clk 01:30:53]} {[%emt 00:00:03]} 7. b3 {[%clk 01:30:08]}
{[%emt 00:00:11]} O-O {[%clk 01:30:13]} {[%emt 00:01:10]} 8. Bb2 {[%clk
01:30:36]} {[%emt 00:00:02]} cxd4 {[%clk 01:30:32]} {[%emt 00:00:11]} 9. exd4
{[%clk 01:31:00]} {[%emt 00:00:05]} d6 {[%clk 01:29:07]} {[%emt 00:01:56]} 10.
Qe2 {[%clk 01:30:44]} {[%emt 00:00:46]} Nbd7 {[%clk 01:29:12]} {[%emt
00:00:25]} 11. Nbd2 {[%clk 01:28:38]} {[%emt 00:02:36]} Re8 {[%clk 01:27:27]}
{[%emt 00:02:15]} 12. Rad1 {[%clk 01:24:24]} {[%emt 00:04:43]} Qc7 {[%clk
01:27:23]} {[%emt 00:00:34]} 13. Rfe1 {[%clk 01:23:33]} {[%emt 00:01:22]} Nf8
{[%clk 01:26:33]} {[%emt 00:01:19]} 14. h3 {[%clk 01:13:14]} {[%emt 00:10:49]}
Ng6 {[%clk 01:26:09]} {[%emt 00:00:53]} 15. Qe3 {[%clk 01:13:35]} {[%emt
00:00:09]} Rad8 {[%clk 01:25:38]} {[%emt 00:01:01]} 16. Bb1 {[%clk 01:03:31]}
{[%emt 00:10:34]} Ba8 {[%clk 01:21:53]} {[%emt 00:04:16]} 17. Rc1 {[%clk
00:59:16]} {[%emt 00:04:45]} Bb7 {[%clk 01:19:48]} {[%emt 00:02:34]} 18. Ne4
{[%clk 00:51:12]} {[%emt 00:08:34]} Nxe4 {[%clk 01:18:51]} {[%emt 00:01:28]}
19. Bxe4 {[%clk 00:51:35]} {[%emt 00:00:04]} Bf6 {[%clk 01:19:14]} {[%emt
00:00:08]} 20. Nd2 {[%clk 00:48:55]} {[%emt 00:03:10]} e5 {[%clk 01:16:37]}
{[%emt 00:03:08]} 21. Qf3 {[%clk 00:42:51]} {[%emt 00:06:33]} Bg5 {[%clk
01:13:36]} {[%emt 00:03:31]} 22. Rcd1 {[%clk 00:39:18]} {[%emt 00:04:03]} Bxd2
{[%clk 01:13:02]} {[%emt 00:01:05]} 23. Rxd2 {[%clk 00:39:43]} {[%emt
00:00:04]} exd4 {[%clk 01:13:24]} {[%emt 00:00:08]} 24. Rde2 {[%clk 00:32:17]}
{[%emt 00:07:57]} Rxe4 {[%clk 01:11:04]} {[%emt 00:02:50]} 25. Rxe4 {[%clk
00:32:43]} {[%emt 00:00:03]} Ne5 {[%clk 01:11:07]} {[%emt 00:00:27]} 26. Qd1
{[%clk 00:25:52]} {[%emt 00:07:20]} Bxe4 {[%clk 01:11:03]} {[%emt 00:00:35]}
27. Rxe4 {[%clk 00:26:18]} {[%emt 00:00:04]} Nc6 {[%clk 01:10:40]} {[%emt
00:00:53]} 28. Qh5 {[%clk 00:23:56]} {[%emt 00:02:52]} Qd7 {[%clk 01:08:42]}
{[%emt 00:02:26]} 29. Bxd4 {[%clk 00:19:52]} {[%emt 00:04:36]} Nxd4 {[%clk
01:08:53]} {[%emt 00:00:19]} 30. Rxd4 {[%clk 00:20:18]} {[%emt 00:00:04]} Qe6
{[%clk 01:08:38]} {[%emt 00:00:38]} 31. Qd1 {[%clk 00:17:26]} {[%emt 00:03:28]}
g6 {[%clk 01:08:40]} {[%emt 00:00:27]} 32. Qd2 {[%clk 00:17:22]} {[%emt
00:00:35]} Kg7 {[%clk 01:07:19]} {[%emt 00:01:51]} 33. a4 {[%clk 00:17:16]}
{[%emt 00:00:36]} Rd7 {[%clk 01:06:23]} {[%emt 00:01:26]} 34. Rd5 {[%clk
00:16:22]} {[%emt 00:01:24]} Qf6 {[%clk 01:05:39]} {[%emt 00:01:14]} 35. Kh2
{[%clk 00:15:23]} {[%emt 00:01:29]} Qa1 {[%clk 01:04:55]} {[%emt 00:01:10]} 36.
Rd4 {[%clk 00:14:21]} {[%emt 00:01:36]} h5 {[%clk 01:04:05]} {[%emt 00:01:21]}
37. f4 {[%clk 00:07:35]} {[%emt 00:07:16]} Qb1 {[%clk 01:02:22]} {[%emt
00:02:11]} 38. Qc3 {[%clk 00:06:44]} {[%emt 00:01:22]} Kh7 {[%clk 01:01:42]}
{[%emt 00:01:10]} 39. Rd3 {[%clk 00:07:11]} {[%emt 00:00:03]} Qf1 {[%clk
00:58:32]} {[%emt 00:03:40]} 40. Rf3 {[%clk 00:01:28]} {[%emt 00:06:14]} Qe2
{[%clk 00:58:49]} {[%emt 00:00:12]} 41. Re3 {[%clk 00:01:40]} {[%emt 00:00:19]}
Qf2 {[%clk 00:59:03]} {[%emt 00:00:15]} 42. Rf3 {[%clk 00:30:20]} {[%emt
00:01:50]} Qe2 {[%clk 01:29:23]} {[%emt 00:00:11]} 43. a5 {[%clk 00:28:36]}
{[%emt 00:02:13]} b5 {[%clk 01:25:01]} {[%emt 00:04:53]} 44. Re3 {[%clk
00:23:09]} {[%emt 00:05:56]} Qf1 {[%clk 01:25:19]} {[%emt 00:00:12]} 45. Qf6
{[%clk 00:22:48]} {[%emt 00:00:51]} Rd8 {[%clk 01:19:18]} {[%emt 00:06:32]} 46.
Qxf7+ {[%clk 00:23:10]} {[%emt 00:00:07]} Kh6 {[%clk 01:18:50]} {[%emt
00:00:58]} 47. Re7 {[%clk 00:23:35]} {[%emt 00:00:05]} Rg8 {[%clk 01:18:45]}
{[%emt 00:00:35]} 48. Qh7# {[%clk 00:24:00]} {[%emt 00:00:06]} 1-0

[Event "Deutsche Ländermeisterschaft 2025"]
[Site "Oer-Erkenschwick GER"]
[Date "2025.10.01"]
[Round "2"]
[White "Sreeramulu, Aarush"]
[Black "Möller, Maurin"]
[Result "0-1"]
[Termination "normal"]
[Board "1.4"]
[BlackTitle "FM"]
[WhiteElo "2115"]
[BlackElo "2317"]
[WhiteClock "00:01:44"]
[BlackClock "00:28:24"]
[WhiteTeam "Hessen"]
[BlackTeam "Nordrhein-Westfalen 1"]
[PlyCount "74"]
[WhiteFideId "34610685"]
[BlackFideId "16265696"]
[EventCountry "GER"]
[EventRounds "7"]
[EventType "team-swiss"]
[EventDate "2025.09.30"]

1. d4 {[%clk 01:30:57]} {[%emt 00:00:03]} Nf6 {[%clk 01:30:50]} {[%emt
00:00:10]} 2. c4 {[%clk 01:31:22]} {[%emt 00:00:05]} g6 {[%clk 01:31:16]}
{[%emt 00:00:04]} 3. Nc3 {[%clk 01:31:48]} {[%emt 00:00:04]} c5 {[%clk
01:31:41]} {[%emt 00:00:04]} 4. d5 {[%clk 01:31:06]} {[%emt 00:01:11]} d6
{[%clk 01:32:06]} {[%emt 00:00:06]} 5. e4 {[%clk 01:31:25]} {[%emt 00:00:11]}
Bg7 {[%clk 01:32:30]} {[%emt 00:00:06]} 6. f4 {[%clk 01:28:41]} {[%emt
00:03:14]} O-O {[%clk 01:32:47]} {[%emt 00:00:13]} 7. Nf3 {[%clk 01:29:07]}
{[%emt 00:00:04]} e6 {[%clk 01:33:13]} {[%emt 00:00:04]} 8. Be2 {[%clk
01:29:30]} {[%emt 00:00:07]} exd5 {[%clk 01:32:56]} {[%emt 00:00:47]} 9. cxd5
{[%clk 01:29:40]} {[%emt 00:00:20]} b5 {[%clk 01:31:53]} {[%emt 00:01:33]} 10.
e5 {[%clk 01:23:30]} {[%emt 00:06:40]} dxe5 {[%clk 01:31:05]} {[%emt 00:01:18]}
11. fxe5 {[%clk 01:23:49]} {[%emt 00:00:12]} Ng4 {[%clk 01:30:54]} {[%emt
00:00:40]} 12. Bxb5 {[%clk 01:13:30]} {[%emt 00:10:49]} Nxe5 {[%clk 01:30:43]}
{[%emt 00:00:41]} 13. O-O {[%clk 01:13:50]} {[%emt 00:00:10]} Bg4 {[%clk
01:31:05]} {[%emt 00:00:07]} 14. Be2 {[%clk 01:14:15]} {[%emt 00:00:05]} Nbd7
{[%clk 01:31:25]} {[%emt 00:00:11]} 15. Nxe5 {[%clk 01:12:37]} {[%emt
00:02:08]} Bxe2 {[%clk 01:31:45]} {[%emt 00:00:10]} 16. Qxe2 {[%clk 01:12:29]}
{[%emt 00:00:38]} Nxe5 {[%clk 01:31:47]} {[%emt 00:00:28]} 17. Bf4 {[%clk
01:10:52]} {[%emt 00:02:07]} Qb6 {[%clk 01:17:03]} {[%emt 00:15:13]} 18. Bxe5
{[%clk 01:06:28]} {[%emt 00:04:55]} Rae8 {[%clk 01:17:24]} {[%emt 00:00:09]}
19. Bxg7 {[%clk 01:02:19]} {[%emt 00:04:38]} Rxe2 {[%clk 01:17:46]} {[%emt
00:00:08]} 20. Bxf8 {[%clk 01:02:41]} {[%emt 00:00:09]} Rc2 {[%clk 01:18:02]}
{[%emt 00:00:14]} 21. Na4 {[%clk 00:55:40]} {[%emt 00:07:31]} Qb5 {[%clk
01:18:18]} {[%emt 00:00:15]} 22. Bxc5 {[%clk 00:55:33]} {[%emt 00:00:36]} Qxa4
{[%clk 01:18:43]} {[%emt 00:00:05]} 23. b4 {[%clk 00:53:37]} {[%emt 00:02:26]}
Rxa2 {[%clk 01:15:53]} {[%emt 00:03:20]} 24. Rxa2 {[%clk 00:53:23]} {[%emt
00:00:44]} Qxa2 {[%clk 01:16:18]} {[%emt 00:00:06]} 25. d6 {[%emt 00:00:30]} a5
{[%clk 01:15:57]} {[%emt 00:00:48]} 26. Re1 {[%clk 00:27:04]} {[%emt 00:26:51]}
Qd2 {[%clk 01:05:56]} {[%emt 00:10:30]} 27. Re4 {[%clk 00:16:37]} {[%emt
00:10:58]} axb4 {[%clk 01:01:48]} {[%emt 00:04:38]} 28. Bd4 {[%clk 00:12:48]}
{[%emt 00:04:19]} Qc1+ {[%clk 00:42:29]} {[%emt 00:19:49]} 29. Kf2 {[%clk
00:13:13]} {[%emt 00:00:04]} Qc6 {[%clk 00:34:25]} {[%emt 00:08:34]} 30. Re7
{[%clk 00:12:50]} {[%emt 00:00:53]} Kf8 {[%clk 00:33:32]} {[%emt 00:01:23]} 31.
Rc7 {[%clk 00:12:37]} {[%emt 00:00:43]} Qa6 {[%clk 00:33:56]} {[%emt 00:00:05]}
32. Bf6 {[%clk 00:06:04]} {[%emt 00:07:04]} b3 {[%clk 00:27:37]} {[%emt
00:06:49]} 33. Rd7 {[%clk 00:02:58]} {[%emt 00:03:36]} Qb6+ {[%clk 00:27:09]}
{[%emt 00:00:57]} 34. Kg3 {[%clk 00:01:05]} {[%emt 00:02:24]} Qe3+ {[%clk
00:27:15]} {[%emt 00:00:24]} 35. Kh4 {[%clk 00:01:06]} {[%emt 00:00:29]} Qf4+
{[%clk 00:27:35]} {[%emt 00:00:09]} 36. Kh3 {[%clk 00:01:22]} {[%emt 00:00:15]}
Qf5+ {[%clk 00:28:00]} {[%emt 00:00:05]} 37. g4 {[%clk 00:01:44]} {[%emt
00:00:08]} Qxd7 {[%clk 00:28:24]} {[%emt 00:00:06]} 0-1

[Event "Deutsche Ländermeisterschaft 2025"]
[Site "Oer-Erkenschwick GER"]
[Date "2025.10.01"]
[Round "2"]
[White "Neumann, Helena"]
[Black "Werner, Rosalie"]
[Result "1-0"]
[Termination "normal"]
[Board "1.5"]
[WhiteTitle "WFM"]
[WhiteElo "2126"]
[BlackElo "1953"]
[WhiteClock "00:54:07"]
[BlackClock "00:05:03"]
[WhiteTeam "Nordrhein-Westfalen 1"]
[BlackTeam "Hessen"]
[PlyCount "71"]
[WhiteFideId "16275365"]
[BlackFideId "16223748"]
[EventCountry "GER"]
[EventRounds "7"]
[EventType "team-swiss"]
[EventDate "2025.09.30"]

1. e4 {[%clk 01:30:58]} {[%emt 00:00:01]} e6 {[%clk 01:30:55]} {[%emt
00:00:06]} 2. d4 {[%clk 01:31:25]} {[%emt 00:00:03]} d5 {[%clk 01:31:21]}
{[%emt 00:00:04]} 3. Nd2 {[%clk 01:31:52]} {[%emt 00:00:03]} Nf6 {[%clk
01:31:46]} {[%emt 00:00:05]} 4. e5 {[%clk 01:32:19]} {[%emt 00:00:03]} Nfd7
{[%clk 01:32:12]} {[%emt 00:00:05]} 5. Bd3 {[%clk 01:32:46]} {[%emt 00:00:03]}
c5 {[%clk 01:32:35]} {[%emt 00:00:06]} 6. c3 {[%clk 01:33:14]} {[%emt
00:00:02]} Nc6 {[%clk 01:33:01]} {[%emt 00:00:04]} 7. Ne2 {[%clk 01:33:41]}
{[%emt 00:00:02]} cxd4 {[%clk 01:33:26]} {[%emt 00:00:06]} 8. cxd4 {[%clk
01:34:07]} {[%emt 00:00:04]} f6 {[%clk 01:33:51]} {[%emt 00:00:05]} 9. exf6
{[%clk 01:34:34]} {[%emt 00:00:03]} Nxf6 {[%clk 01:34:16]} {[%emt 00:00:05]}
10. O-O {[%clk 01:34:59]} {[%emt 00:00:05]} Bd6 {[%clk 01:34:42]} {[%emt
00:00:03]} 11. Nf3 {[%clk 01:35:25]} {[%emt 00:00:04]} O-O {[%clk 01:35:07]}
{[%emt 00:00:06]} 12. Bf4 {[%clk 01:35:50]} {[%emt 00:00:04]} Bxf4 {[%clk
01:35:32]} {[%emt 00:00:04]} 13. Nxf4 {[%clk 01:36:16]} {[%emt 00:00:04]} Ng4
{[%clk 01:35:57]} {[%emt 00:00:05]} 14. Qd2 {[%clk 01:36:41]} {[%emt 00:00:05]}
Qf6 {[%clk 01:36:23]} {[%emt 00:00:04]} 15. Nh5 {[%clk 01:37:08]} {[%emt
00:00:03]} Qh6 {[%clk 01:36:48]} {[%emt 00:00:05]} 16. Qxh6 {[%clk 01:37:35]}
{[%emt 00:00:03]} Nxh6 {[%clk 01:37:12]} {[%emt 00:00:05]} 17. Rac1 {[%clk
01:38:01]} {[%emt 00:00:04]} a6 {[%clk 01:37:28]} {[%emt 00:00:14]} 18. Ne5
{[%clk 01:38:09]} {[%emt 00:00:22]} Nxe5 {[%clk 01:19:59]} {[%emt 00:17:59]}
19. dxe5 {[%clk 01:38:33]} {[%emt 00:00:06]} Ng4 {[%clk 01:15:56]} {[%emt
00:04:33]} 20. f4 {[%clk 01:30:44]} {[%emt 00:08:19]} g6 {[%clk 01:15:21]}
{[%emt 00:01:05]} 21. h3 {[%clk 01:28:23]} {[%emt 00:02:51]} Ne3 {[%clk
00:53:23]} {[%emt 00:22:28]} 22. Rf3 {[%clk 01:26:45]} {[%emt 00:02:07]} gxh5
{[%clk 00:47:06]} {[%emt 00:06:47]} 23. Rg3+ {[%clk 01:21:46]} {[%emt
00:05:29]} Kf7 {[%clk 00:33:44]} {[%emt 00:13:53]} 24. Rxe3 {[%clk 01:18:36]}
{[%emt 00:03:40]} Ke8 {[%clk 00:32:03]} {[%emt 00:02:11]} 25. Bxh7 {[%clk
01:13:19]} {[%emt 00:05:47]} h4 {[%clk 00:29:05]} {[%emt 00:03:28]} 26. Bg6+
{[%clk 01:09:32]} {[%emt 00:04:17]} Kd8 {[%clk 00:26:02]} {[%emt 00:03:33]} 27.
f5 {[%clk 01:08:27]} {[%emt 00:01:36]} Bd7 {[%clk 00:24:44]} {[%emt 00:01:47]}
28. f6 {[%clk 01:03:57]} {[%emt 00:04:59]} Bc6 {[%clk 00:21:42]} {[%emt
00:03:33]} 29. Rf3 {[%clk 01:01:17]} {[%emt 00:03:10]} Kc7 {[%clk 00:18:03]}
{[%emt 00:04:09]} 30. Rf4 {[%clk 00:57:18]} {[%emt 00:04:29]} Rh8 {[%clk
00:15:28]} {[%emt 00:03:05]} 31. Bf7 {[%clk 00:55:58]} {[%emt 00:01:50]} Kd7
{[%clk 00:15:16]} {[%emt 00:00:42]} 32. Rg4 {[%clk 00:56:22]} {[%emt 00:00:06]}
Rh7 {[%clk 00:07:28]} {[%emt 00:08:18]} 33. Rg7 {[%clk 00:55:38]} {[%emt
00:01:14]} Rah8 {[%clk 00:07:29]} {[%emt 00:00:29]} 34. Rf1 {[%clk 00:55:38]}
{[%emt 00:00:30]} d4 {[%clk 00:05:04]} {[%emt 00:02:55]} 35. Bg6+ {[%clk
00:53:40]} {[%emt 00:02:28]} Rxg7 {[%clk 00:05:03]} {[%emt 00:00:31]} 36. fxg7
{[%clk 00:54:07]} {[%emt 00:00:03]} 1-0